00765nam a22002297a 450000500170000001000130001702000100003003500130004003700160005304000120006908200110008110000240009224500400011626000350015627000680019130000210025965000330028065000250031394200200033899900190035895201580037720170124110125.0 aA-456754 c00.00 aA-456754 bCen Lib/Ret aDPLbEN aNbMUR aMurari, T. N931289 aEnduring affairs /cby T. N. Murari aNew DelhibPenguin Booksc1990 a72-B Himalaya House, 23 Kasturba Gandhi MargbNew Delhie110001 a333p. c21cm(Hb) aLiterature -- Fiction972354 aEnglish Novel914422 2ddccENhNmMUR c131253d131253 04104070aLbLd2015-07-14eCen Lib/Ret g0.00l0oN MURpA-456754r2015-07-14 00:00:00t1v0.00w2015-07-14yENzW/d List No. 6851/15 : dtd 18/7/20